000 00451nam a2200181Ia 4500
005 20250326125717.0
008 250326s9999 xx 000 0 und d
037 _aTextbook
040 _aFMSL
_beng
_cFMSL
041 _aeng
_2eng
084 _qFMSL
100 _aDavies R C
_9739530
245 0 _aFundamentals of top management
_cDavies R C
260 _aNY
_bNY, Harper
_c1951
300 _a825p
942 _cTB
999 _c1279225
_d1279225